|
|
|
|
| LEADER |
01712cas a2200241 a 4500 |
| 001 |
AALejournalIMF006754 |
| 008 |
230101c9999 xx r poo 0 0eng d |
| 020 |
|
|
|c 5.00 USD
|
| 020 |
|
|
|z 9781455208869
|
| 022 |
|
|
|a 1018-5941
|
| 040 |
|
|
|a BD-DhAAL
|c BD-DhAAL
|
| 110 |
2 |
|
|a International Monetary Fund.
|
| 245 |
1 |
0 |
|a Price Dynamics in China.
|
| 264 |
|
1 |
|a Washington, D.C. :
|b International Monetary Fund,
|c 2010.
|
| 300 |
|
|
|a 1 online resource (26 pages)
|
| 490 |
1 |
|
|a IMF Working Papers
|
| 500 |
|
|
|a <strong>Off-Campus Access:</strong> No User ID or Password Required
|
| 500 |
|
|
|a <strong>On-Campus Access:</strong> No User ID or Password Required
|
| 506 |
|
|
|a Electronic access restricted to authorized BRAC University faculty, staff and students
|
| 520 |
3 |
|
|a Chinese inflation, particularly non-food inflation, has been surprisingly modest in recent years. We find that supply factors, including those captured through upstream foreign commodity and producer prices, have been important drivers of non-food inflation, as has foreign demand for Chinese goods. Domestic demand and monetary conditions seem less important, possibly reflecting a large domestic output gap generated by many years of high investment. Inflation varies systemically within China, with richer (and urban) provinces having lower, more stable, inflation, but this urban inflation also influence that in lower-income provinces. Higher Mainland food inflation also raises inflation in non-Mainland China.
|
| 538 |
|
|
|a Mode of access: Internet
|
| 830 |
|
0 |
|a IMF Working Papers; Working Paper ;
|v No. 2010/221
|
| 856 |
4 |
0 |
|z Full text available on IMF
|u http://elibrary.imf.org/view/journals/001/2010/221/001.2010.issue-221-en.xml
|z IMF e-Library
|